[Event "CRO-chT1B 29th"]
[Site "Mali Losinj"]
[Date "2021.10.03"]
[Round "11.36"]
[White "Bosiocic, Marko"]
[Black "Dabic, Stjepan"]
[Result "0-1"]
[WhiteElo "2076"]
[BlackElo "2161"]
[PlyCount "62"]
[EventDate "2021.09.25"]
[EventType "team-tourn"]
[EventRounds "11"]
[EventCountry "CRO"]
[SourceTitle "CBM 204 Extra"]
[Source "ChessBase"]
[SourceDate "2021.11.30"]
[SourceVersion "1"]
[SourceVersionDate "2021.11.30"]
[SourceQuality "1"]
[WhiteTeam "Rijeka Junior"]
[BlackTeam "Vinkovci"]
[WhiteTeamCountry "CRO"]
[BlackTeamCountry "CRO"]

1. d4 Nf6 2. Nf3 g6 3. Bf4 Bg7 4. e3 0-0 5. Be2 d6 6. h3 Nfd7 7. Nbd2 Nc6 8. c3 h6 9. 0-0 e5 10. Bh2 Qe7 11. dxe5 dxe5 12. e4 Nb6 13. Qc2 a5 14. a4 Be6 15. Rfe1 Rfd8 16. Bb5 Qc5 17. Nb3 Nb4 18. Nxc5 Nxc2 19. Nxe6 fxe6 20. Nxe5 c6 21. Bc4 Nxc4 22. Nxc4 Nxe1 23. Rxe1 b5 24. Nd6 e5 25. Nb7 Rd2 26. Rb1 Bf8 27. b4 axb4 28. cxb4 Rxa4 29. Bxe5 Rxb4 30. Re1 Ra4 31. Rc1 Rxe4 0-1

[Event "CRO-chT2W"]
[Site "Croatia"]
[Date "2016.04.10"]
[Round "5.4"]
[White "Bosiocic, Marko"]
[Black "Barcal, Aleksandar"]
[Result "1/2-1/2"]
[WhiteElo "2079"]
[BlackElo "2021"]
[PlyCount "29"]
[EventDate "2016.03.05"]
[EventType "team-tourn"]
[EventRounds "9"]
[EventCountry "CRO"]
[SourceTitle "CBM 171 Extra"]
[Source "ChessBase"]
[SourceDate "2016.04.26"]
[SourceVersion "1"]
[SourceVersionDate "2016.04.26"]
[SourceQuality "1"]
[WhiteTeam "Rijeka Junior"]
[BlackTeam "Buje"]
[WhiteTeamCountry "CRO"]
[BlackTeamCountry "CRO"]

1. d4 d5 2. Nf3 Nf6 3. e3 e6 4. Bd3 a6 5. 0-0 c5 6. b3 Nbd7 7. c4 b6 8. Nbd2 Bb7 9. Qc2 Qc7 10. Bb2 Bd6 11. e4 cxd4 12. cxd5 Qxc2 13. Bxc2 exd5 14. exd5 0-0 15. Nxd4 1/2-1/2

[Event "CRO-chT2W"]
[Site "Croatia"]
[Date "2016.04.10"]
[Round "6.4"]
[White "Ikica, Ante"]
[Black "Bosiocic, Marko"]
[Result "1/2-1/2"]
[WhiteElo "1946"]
[BlackElo "2079"]
[PlyCount "34"]
[EventDate "2016.03.05"]
[EventType "team-tourn"]
[EventRounds "9"]
[EventCountry "CRO"]
[SourceTitle "EXT 2017"]
[Source "ChessBase"]
[SourceDate "2016.10.25"]
[SourceVersion "1"]
[SourceVersionDate "2016.10.25"]
[SourceQuality "1"]
[WhiteTeam "Porec Gortan"]
[BlackTeam "Rijeka Junior"]
[WhiteTeamCountry "CRO"]
[BlackTeamCountry "CRO"]

1. e4 e5 2. Nf3 Nc6 3. Bb5 Nf6 4. 0-0 Nxe4 5. d4 Nd6 6. Bxc6 dxc6 7. dxe5 Nf5 8. Qxd8+ Kxd8 9. b3 h6 10. Bb2 Be6 11. c4 b6 12. Nc3 Kc8 13. Ne4 Kb7 14. Rfd1 Be7 15. h3 Rad8 16. Kf1 a5 17. Ke2 Rxd1 1/2-1/2

[Event "CRO-chT2 West"]
[Site "Croatia"]
[Date "2015.02.22"]
[Round "2.5"]
[White "Starcevic, Andrea"]
[Black "Bosiocic, Marko"]
[Result "0-1"]
[WhiteElo "1875"]
[BlackElo "2129"]
[PlyCount "110"]
[EventDate "2015.02.21"]
[EventType "team-tourn"]
[EventRounds "9"]
[EventCountry "CRO"]
[SourceTitle "EXT 2016"]
[Source "ChessBase"]
[SourceDate "2015.10.08"]
[SourceVersion "1"]
[SourceVersionDate "2015.10.08"]
[SourceQuality "1"]
[WhiteTeam "Ravna Gora Goranka"]
[BlackTeam "Rijeka Junior"]
[WhiteTeamCountry "CRO"]
[BlackTeamCountry "CRO"]

1. c4 e6 2. Nc3 d5 3. d4 Nf6 4. Bg5 Be7 5. Nf3 0-0 6. e3 Nbd7 7. Bd3 b6 8. 0-0 Bb7 9. Qc2 Rc8 10. b3 a6 11. Ne5 c5 12. Rac1 g6 13. Bh6 Re8 14. Qb1 Nxe5 15. dxe5 Ng4 16. Bf4 Qc7 17. cxd5 exd5 18. e6 Bd6 19. exf7+ Kxf7 20. Ne2 Bxf4 21. Nxf4 Ne5 22. Be2 b5 23. a4 Qc6 24. Rfd1 Rcd8 25. axb5 axb5 26. Nd3 Nxd3 27. Qxd3 c4 28. Qc2 Bc8 29. Rd4 Be6 30. Rcd1 Rd7 31. Bf3 Red8 32. Qc3 Qc5 33. Rf4+ Kg8 34. Qe5 Qd6 35. Qxd6 Rxd6 36. b4 Ra8 37. e4 Ra4 38. exd5 Bf5 39. h3 Rxb4 40. g4 Bc2 41. Rd2 Rb1+ 42. Kg2 Bd3 43. Ra2 Rd7 44. Ra8+ Kg7 45. Rff8 c3 46. g5 c2 47. Rg8+ Kf7 48. Raf8+ Ke7 49. Re8+ Kd6 50. Re6+ Kc5 51. Rc6+ Kb4 52. Rgc8 Bc4 53. Rxc4+ bxc4 54. Be4 c1Q 55. Bxb1 Qxg5+ 0-1

[Event "CRO-chT2"]
[Site "Bol"]
[Date "2013.09.17"]
[Round "4.1"]
[White "Bosiocic, Marko"]
[Black "Jovanovic, Milenko"]
[Result "1/2-1/2"]
[WhiteElo "2145"]
[BlackElo "2172"]
[PlyCount "75"]
[EventDate "2013.09.14"]
[EventType "team-tourn"]
[EventRounds "9"]
[EventCountry "CRO"]
[SourceTitle "CBM 156 Extra"]
[Source "ChessBase"]
[SourceDate "2013.10.22"]
[SourceVersion "1"]
[SourceVersionDate "2013.10.22"]
[SourceQuality "1"]
[WhiteTeam "Rijeka Junior"]
[BlackTeam "Vukovar Slaven"]
[WhiteTeamCountry "CRO"]
[BlackTeamCountry "CRO"]

1. d4 Nf6 2. Nf3 e6 3. e3 b6 4. Bd3 Bb7 5. 0-0 c5 6. b3 Be7 7. Bb2 0-0 8. c4 cxd4 9. exd4 d6 10. Nbd2 Nbd7 11. Qe2 Re8 12. Rae1 Bf8 13. Bb1 g6 14. Qd3 Bg7 15. Ng5 d5 16. f4 Nf8 17. Ba3 Ne4 18. Ndxe4 dxe4 19. Nxe4 Qxd4+ 20. Qxd4 Bxd4+ 21. Kh1 Bxe4 22. Bxe4 Rac8 23. Rd1 Bc5 24. Bb2 Be7 25. a4 Red8 26. Bc3 Nd7 27. Bc2 a5 28. Rf2 Nc5 29. Rfd2 Rxd2 30. Rxd2 Rd8 31. Rxd8+ Bxd8 32. b4 axb4 33. Bxb4 Be7 34. Kg1 f6 35. a5 bxa5 36. Bxa5 Bd6 37. g3 Kf7 38. Kf2 1/2-1/2

[Event "CRO-chT2"]
[Site "Bol"]
[Date "2013.09.16"]
[Round "3.1"]
[White "Maras, Mile"]
[Black "Bosiocic, Marko"]
[Result "1/2-1/2"]
[WhiteElo "2221"]
[BlackElo "2145"]
[PlyCount "20"]
[EventDate "2013.09.14"]
[EventType "team-tourn"]
[EventRounds "9"]
[EventCountry "CRO"]
[SourceTitle "CBM 156 Extra"]
[Source "ChessBase"]
[SourceDate "2013.10.22"]
[SourceVersion "1"]
[SourceVersionDate "2013.10.22"]
[SourceQuality "1"]
[WhiteTeam "Pozega"]
[BlackTeam "Rijeka Junior"]
[WhiteTeamCountry "CRO"]
[BlackTeamCountry "CRO"]

1. d4 d5 2. Nf3 e6 3. e3 Nf6 4. c4 Be7 5. Be2 0-0 6. Nc3 b6 7. Qc2 Bb7 8. cxd5 exd5 9. b3 c5 10. Bb2 Nc6 1/2-1/2

[Event "Split op 1st"]
[Site "Split"]
[Date "2011.08.13"]
[Round "9"]
[White "Saric, Kristina"]
[Black "Bosiocic, Marko"]
[Result "1/2-1/2"]
[WhiteElo "2246"]
[BlackElo "2115"]
[PlyCount "60"]
[EventDate "2011.08.05"]
[EventType "swiss"]
[EventRounds "9"]
[EventCountry "CRO"]
[SourceTitle "CBM 143 Extra"]
[Source "ChessBase"]
[SourceDate "2011.08.29"]
[SourceVersion "1"]
[SourceVersionDate "2011.08.29"]
[SourceQuality "1"]

1. e4 e5 2. Nf3 Nc6 3. Bb5 Nf6 4. d3 d6 5. c3 Bd7 6. 0-0 Be7 7. Re1 0-0 8. Nbd2 Na5 9. Bxd7 Qxd7 10. Nf1 Rfe8 11. Ng3 Bf8 12. Bg5 Be7 13. Nh4 Bd8 14. Ngf5 Re6 15. d4 d5 16. dxe5 Rxe5 17. Bxf6 Bxf6 18. Nf3 Ree8 19. Qxd5 Qxd5 20. exd5 Nc4 21. Rab1 Rxe1+ 22. Nxe1 Re8 23. Nf3 Re2 24. b3 Nd2 25. Nxd2 Rxd2 26. c4 Rxa2 27. Kf1 g6 28. Ng3 Bd4 29. Ne2 Bf6 30. h3 Kf8 1/2-1/2

[Event "Split op 1st"]
[Site "Split"]
[Date "2011.08.10"]
[Round "6"]
[White "Bosiocic, Marko"]
[Black "Zelic, Mladen"]
[Result "1-0"]
[WhiteElo "2115"]
[BlackElo "2270"]
[PlyCount "53"]
[EventDate "2011.08.05"]
[EventType "swiss"]
[EventRounds "9"]
[EventCountry "CRO"]
[SourceTitle "CBM 143 Extra"]
[Source "ChessBase"]
[SourceDate "2011.08.29"]
[SourceVersion "1"]
[SourceVersionDate "2011.08.29"]
[SourceQuality "1"]

1. d4 f5 2. Nf3 Nf6 3. g3 g6 4. Bg2 Bg7 5. 0-0 0-0 6. b3 c5 7. e3 Ne4 8. Bb2 d5 9. Ne5 Nc6 10. f3 Nxe5 11. dxe5 Ng5 12. h4 Nf7 13. f4 e6 14. c4 dxc4 15. bxc4 Qc7 16. Nc3 Bd7 17. Nb5 Bxb5 18. cxb5 Nh6 19. Bf3 Rfd8 20. Qe2 c4 21. Bd4 Rac8 22. Rfc1 Bf8 23. Rab1 Rd5 24. Rc3 a6 25. b6 Qc6 26. Rbc1 Bc5 27. Rxc4 1-0

[Event "Split op 1st"]
[Site "Split"]
[Date "2011.08.06"]
[Round "2"]
[White "Bosiocic, Marko"]
[Black "Djurovic, Goran"]
[Result "1/2-1/2"]
[WhiteElo "2115"]
[BlackElo "2328"]
[PlyCount "119"]
[EventDate "2011.08.05"]
[EventType "swiss"]
[EventRounds "9"]
[EventCountry "CRO"]
[SourceTitle "CBM 143 Extra"]
[Source "ChessBase"]
[SourceDate "2011.08.29"]
[SourceVersion "1"]
[SourceVersionDate "2011.08.29"]
[SourceQuality "1"]

1. d4 Nf6 2. Nf3 c5 3. e3 cxd4 4. exd4 d5 5. c3 g6 6. Bf4 Bg7 7. h3 0-0 8. Bd3 Nc6 9. Nbd2 Kh8 10. 0-0 Bf5 11. Qb1 e6 12. Re1 Qb6 13. b4 Rac8 14. a4 a5 15. b5 Ne7 16. Ra3 Kg8 17. Rc1 Qd8 18. g4 Bxd3 19. Qxd3 Ne8 20. c4 dxc4 21. Rxc4 Nd5 22. Bh2 Nd6 23. Rxc8 Nxc8 24. Nc4 f6 25. Qd2 b6 26. Ra1 Re8 27. Rc1 Bf8 28. Ne3 Bb4 29. Qd3 Nce7 30. Qb3 Qd7 31. Ne1 Rc8 32. Rxc8+ Qxc8 33. Nd3 Qc3 34. Qc4 Qxc4 35. Nxc4 Bc3 36. Nf4 Nxf4 37. Bxf4 Nd5 38. Be3 f5 39. gxf5 gxf5 40. Kg2 f4 41. Bc1 Bxd4 42. Kf3 Nc3 43. Bb2 Kf7 44. Bxc3 Bxc3 45. Nxb6 e5 46. Nc4 Ke6 47. Ke4 f3 48. b6 Kd7 49. Nxe5+ Kc8 50. Nxf3 Kb7 51. Kd5 Kxb6 52. Ng5 h6 53. Ne6 Kb7 54. f4 Kc8 55. Kc6 Bf6 56. f5 Bc3 57. h4 h5 58. Nf4 Bf6 59. Nxh5 Bxh4 60. Nf4 1/2-1/2

[Event "CRO Cup 17th"]
[Site "Sibenik"]
[Date "2008.05.24"]
[Round "4"]
[White "Valkovic, Kristian"]
[Black "Bosiocic, Marko"]
[Result "0-1"]
[WhiteElo "1952"]
[BlackElo "2114"]
[PlyCount "94"]
[EventDate "2008.05.21"]
[EventType "swiss"]
[EventRounds "5"]
[EventCountry "CRO"]
[SourceTitle "CBM 124 Extra"]
[Source "ChessBase"]
[SourceDate "2008.07.03"]
[SourceVersion "1"]
[SourceVersionDate "2008.07.03"]
[SourceQuality "1"]

1. e4 e5 2. Nf3 Nc6 3. Bb5 Nf6 4. d3 d6 5. h3 g6 6. 0-0 Bg7 7. c3 0-0 8. Nbd2 a6 9. Ba4 b5 10. Bb3 Na5 11. Bc2 c5 12. d4 exd4 13. cxd4 cxd4 14. Nxd4 Qb6 15. N2f3 Re8 16. Re1 Bb7 17. e5 dxe5 18. Rxe5 Rad8 19. Rxe8+ Nxe8 20. Qe1 Nc4 21. Be3 Nxe3 22. fxe3 Bxf3 23. Nxf3 Bxb2 24. Rb1 Bg7 25. Kh1 Nd6 26. Bb3 Re8 27. Qg3 Nf5 28. Qg4 Qxe3 29. Ng5 Re7 30. Rd1 Bf6 31. Nxf7 Rxf7 32. Bxf7+ Kxf7 33. Qb4 Be7 34. Qb3+ Qxb3 35. axb3 a5 36. Rd5 b4 37. g4 Ke6 38. Rxa5 Nd4 39. Ra6+ Kf7 40. Kg2 Nxb3 41. Kg3 Nc5 42. Rb6 b3 43. h4 Bf6 44. g5 Be5+ 45. Kg4 b2 46. h5 Ne4 47. hxg6+ hxg6 0-1

[Event "CRO Cup 17th"]
[Site "Sibenik"]
[Date "2008.05.23"]
[Round "3"]
[White "Bosiocic, Marko"]
[Black "Segovic, Goran"]
[Result "1/2-1/2"]
[WhiteElo "2114"]
[BlackElo "2168"]
[PlyCount "165"]
[EventDate "2008.05.21"]
[EventType "swiss"]
[EventRounds "5"]
[EventCountry "CRO"]
[SourceTitle "CBM 124 Extra"]
[Source "ChessBase"]
[SourceDate "2008.07.03"]
[SourceVersion "1"]
[SourceVersionDate "2008.07.03"]
[SourceQuality "1"]

1. d4 d5 2. Nf3 c6 3. e3 Nf6 4. Bd3 Bg4 5. Nbd2 e6 6. h3 Bh5 7. 0-0 Nbd7 8. b3 Bd6 9. Bb2 0-0 10. c4 Re8 11. Qc2 Bxf3 12. Nxf3 dxc4 13. Bxc4 Qe7 14. Rad1 Rad8 15. Ne5 Bxe5 16. dxe5 Nd5 17. Qe4 g6 18. Qg4 N7b6 19. Be2 Qc5 20. Qd4 Qxd4 21. Rxd4 Rd7 22. Rfd1 Red8 23. a3 c5 24. R4d2 Nf4 25. Rxd7 Nxe2+ 26. Kf1 Ng3+ 27. fxg3 Rxd7 28. Rxd7 Nxd7 29. b4 cxb4 30. axb4 b5 31. Ke2 Nb8 32. Bd4 Nc6 33. Bc5 Nxe5 34. Bxa7 Kf8 35. Bb8 Nc6 36. Bd6+ Ke8 37. Kf3 Kd7 38. Bc5 e5 39. g4 Ke6 40. e4 f6 41. Ke3 Nd8 42. Kf3 Nf7 43. Be3 Nd6 44. Bc5 Nc4 45. Bf8 Nd2+ 46. Ke3 Nb3 47. Kd3 Nd4 48. Bc5 Nc6 49. Ke3 Kd7 50. Kf3 Nd8 51. Be3 Ne6 52. Bd2 Nd4+ 53. Ke3 Ke6 54. Bc3 Nc2+ 55. Kf3 Na3 56. Be1 Nc4 57. Bf2 Nd6 58. Bc5 Nb7 59. Bb6 h6 60. Be3 h5 61. Bb6 Nd6 62. Bc5 hxg4+ 63. hxg4 Nc4 64. Be3 Kf7 65. Bc1 Kg7 66. Kf2 Kf7 67. Kf3 Ke6 68. Be3 Na3 69. Bc5 Nc2 70. Ke2 f5 71. gxf5+ gxf5 72. exf5+ Kxf5 73. g4+ Kxg4 74. Kd3 Na3 75. Ke4 Nc4 76. Be7 Kg3 77. Bf6 Kf2 78. Bxe5 Ke2 79. Bf4 Kd1 80. Kd4 Kc2 81. Kc5 Na3 82. Bh6 Kb2 83. Bg5 1/2-1/2

[Event "Venice Autumn op 13th"]
[Site "Venice"]
[Date "2007.11.02"]
[Round "3"]
[White "Faccia, Sergio"]
[Black "Bosiocic, Marko"]
[Result "1-0"]
[WhiteElo "2071"]
[BlackElo "2160"]
[PlyCount "54"]
[EventDate "2007.11.01"]
[EventType "swiss"]
[EventRounds "6"]
[EventCountry "ITA"]
[SourceTitle "EXT 2008"]
[Source "ChessBase"]
[SourceDate "2007.11.25"]
[SourceVersion "1"]
[SourceVersionDate "2007.11.25"]
[SourceQuality "1"]

1. e4 e5 2. Nf3 Nc6 3. d4 exd4 4. Bc4 Bc5 5. 0-0 Nf6 6. e5 d5 7. exf6 dxc4 8. Re1+ Be6 9. Ng5 Qd5 10. Nc3 Qf5 11. Nce4 Bf8 12. Nxf7 Kxf7 13. Ng5+ Kg8 14. fxg7 Bxg7 15. Nxe6 Be5 16. Ng5 Rf8 17. Nf3 h6 18. Bd2 Kh7 19. Nxe5 Nxe5 20. Qe2 Ng6 21. Rad1 Rhg8 22. g3 Re8 23. Qxc4 Nh4 24. Rxe8 Rxe8 25. Qd3 Re4 26. f4 Kh8 27. Kf2 Qh3 1-0

[Event "Venice Autumn op 13th"]
[Site "Venice"]
[Date "2007.11.01"]
[Round "1"]
[White "Milazzo, Mario"]
[Black "Bosiocic, Marko"]
[Result "1-0"]
[WhiteElo "1971"]
[BlackElo "2160"]
[PlyCount "73"]
[EventDate "2007.11.01"]
[EventType "swiss"]
[EventRounds "6"]
[EventCountry "ITA"]
[SourceTitle "EXT 2008"]
[Source "ChessBase"]
[SourceDate "2007.11.25"]
[SourceVersion "1"]
[SourceVersionDate "2007.11.25"]
[SourceQuality "1"]

1. e4 e5 2. Nf3 Nc6 3. Bc4 Bc5 4. b4 Bxb4 5. c3 Be7 6. d4 Na5 7. Nxe5 Nxc4 8. Nxc4 d5 9. exd5 Qxd5 10. Ne3 Qc6 11. 0-0 Nf6 12. c4 0-0 13. d5 Qa6 14. Bb2 Bc5 15. Bd4 Qb6 16. Bxc5 Qxc5 17. Nd2 Rd8 18. Nb3 Qb6 19. Qc2 c5 20. Rae1 Qb4 21. Nd2 Re8 22. Rb1 Qa5 23. Rfe1 b6 24. Nb3 Qa4 25. f3 Ba6 26. Rbc1 Re5 27. Nd2 Qd7 28. f4 Ree8 29. Nf3 Qc7 30. g3 Ne4 31. Nf5 Nd6 32. Nxd6 Qxd6 33. Kf2 Bb7 34. Qf5 g6 35. Qd3 Kg7 36. Qc3+ Kg8 37. Ng5 1-0

[Event "CRO-chT1B"]
[Site "Sibenik"]
[Date "2007.09.30"]
[Round "6"]
[White "Segovic, Goran"]
[Black "Bosiocic, Marko"]
[Result "1-0"]
[WhiteElo "2076"]
[BlackElo "2144"]
[PlyCount "87"]
[EventDate "2007.09.25"]
[EventType "team"]
[EventRounds "9"]
[EventCountry "CRO"]
[SourceTitle "CBM 120 Extra"]
[Source "ChessBase"]
[SourceDate "2007.11.01"]
[SourceVersion "1"]
[SourceVersionDate "2007.11.01"]
[SourceQuality "1"]

1. e4 e5 2. Nf3 Nc6 3. Bc4 Bc5 4. b4 Bxb4 5. c3 Be7 6. d4 Bf6 7. 0-0 d6 8. Qb3 Qe7 9. Rd1 Nd8 10. Na3 a6 11. dxe5 dxe5 12. Rxd8+ Kxd8 13. Bxf7 c6 14. Bxg8 b5 15. Bxh7 Be6 16. Qd1+ Kc7 17. Bg6 Rad8 18. Qe1 Rd3 19. Nc2 Qc5 20. Bb2 a5 21. Ne3 Rhd8 22. Bf5 Bf7 23. h3 g6 24. Bg4 b4 25. cxb4 axb4 26. Rc1 Qd6 27. Nc2 Rb8 28. Nxb4 Qxb4 29. Qxb4 Rxb4 30. Bxe5+ Kb7 31. Bxf6 Bxa2 32. e5 Re4 33. Ng5 Rc4 34. Rxc4 Bxc4 35. Be2 Rc3 36. Bxc4 Rxc4 37. e6 Rc1+ 38. Kh2 Re1 39. e7 Kc7 40. Nf3 Re6 41. Ne5 c5 42. Nxg6 c4 43. Bc3 Re4 44. Ne5 1-0

[Event "CRO-chT U20 16th"]
[Site "Sv Filip i Jakov"]
[Date "2007.04.13"]
[Round "7"]
[White "Bosiocic, Marko"]
[Black "Brkic, Grga Filip"]
[Result "1-0"]
[WhiteElo "2130"]
[BlackElo "1888"]
[PlyCount "49"]
[EventDate "2007.04.10"]
[EventType "team-tourn"]
[EventRounds "11"]
[EventCountry "CRO"]
[SourceTitle "EXT 2010"]
[Source "ChessBase"]
[SourceDate "2010.11.25"]
[SourceVersion "1"]
[SourceVersionDate "2010.11.25"]
[SourceQuality "1"]

1. d4 d5 2. Nf3 Bf5 3. e3 Nf6 4. Bd3 Bg6 5. b3 e6 6. Bb2 Nbd7 7. 0-0 a6 8. c4 c6 9. Nc3 Bb4 10. Qc2 Bxc3 11. Bxc3 Ne4 12. Bb4 Qb6 13. Ba3 Qa5 14. Qc1 Nd2 15. Nxd2 Bxd3 16. Re1 b5 17. cxd5 cxd5 18. Qc6 Rb8 19. Bd6 Rd8 20. Bc7 Qxd2 21. Bxd8 Qc2 22. Qa8 0-0 23. Rec1 Qb2 24. Qc8 Nf6 25. Be7 1-0

[Event "Trieste op 08th"]
[Site "Trieste"]
[Date "2006.09.09"]
[Round "9"]
[White "Bosiocic, Marko"]
[Black "Mocchi, Tullio"]
[Result "1-0"]
[WhiteElo "2104"]
[BlackElo "2243"]
[PlyCount "56"]
[EventDate "2006.09.02"]
[EventType "swiss"]
[EventRounds "9"]
[EventCountry "ITA"]
[SourceTitle "CBM 114 Extra"]
[Source "ChessBase"]
[SourceDate "2006.11.03"]
[SourceVersion "1"]
[SourceVersionDate "2006.11.03"]
[SourceQuality "1"]

1. d4 Nf6 2. Nf3 c5 3. e3 e6 4. b3 b6 5. Bd3 Bb7 6. Bb2 Be7 7. 0-0 0-0 8. c4 d5 9. Nc3 Nbd7 10. Ne2 Bd6 11. Ne5 Bxe5 12. dxe5 Ng4 13. Nf4 Qh4 14. h3 Ngxe5 15. cxd5 g5 16. dxe6 gxf4 17. exd7 Bxg2 18. Bxe5 f3 19. Qc2 Rad8 20. Bf5 f6 21. Bg3 Qh6 22. Kh2 Rf7 23. Rg1 Rfxd7 24. Bxd7 Rxd7 25. Rxg2 fxg2 26. Rd1 Qg7 27. Kxg2 Qe7 28. Rxd7 Qxd7 1-0

[Event "Trieste op 08th"]
[Site "Trieste"]
[Date "2006.09.04"]
[Round "4"]
[White "Bosiocic, Marko"]
[Black "Rombaldoni, Denis"]
[Result "0-1"]
[WhiteElo "2104"]
[BlackElo "2348"]
[PlyCount "76"]
[EventDate "2006.09.02"]
[EventType "swiss"]
[EventRounds "9"]
[EventCountry "ITA"]
[SourceTitle "CBM 114 Extra"]
[Source "ChessBase"]
[SourceDate "2006.11.03"]
[SourceVersion "1"]
[SourceVersionDate "2006.11.03"]
[SourceQuality "1"]

1. d4 Nf6 2. Nf3 e6 3. e3 b6 4. Bd3 Bb7 5. 0-0 Be7 6. c4 0-0 7. Nc3 d5 8. b3 c5 9. Bb2 cxd4 10. exd4 Nc6 11. cxd5 Nxd5 12. Nxd5 Qxd5 13. Re1 Rfd8 14. Be4 Qh5 15. Ne5 Qxd1 16. Raxd1 Rac8 17. f4 Nxe5 18. Bxb7 Rc2 19. Bc1 Rxc1 20. Rxc1 Nd3 21. Ba6 Nxe1 22. Rxe1 Rxd4 23. g3 Kf8 24. Kf2 Bc5 25. Ke2 h5 26. Rd1 Rxd1 27. Kxd1 Bg1 28. h3 Bh2 29. Be2 Bxg3 30. f5 exf5 31. Bxh5 Ke7 32. Ke2 Kf6 33. Bf3 Kg5 34. Bd5 Kh4 35. Bxf7 Kxh3 36. Bg6 Kg4 37. Be8 g5 38. Ke3 Bh2 0-1

[Event "CRO-chT U20 15th"]
[Site "Sv Filip i Jakov"]
[Date "2006.04.21"]
[Round "6"]
[White "Miletic, Luka"]
[Black "Bosiocic, Marko"]
[Result "0-1"]
[WhiteElo "1835"]
[BlackElo "2098"]
[PlyCount "44"]
[EventDate "2006.04.18"]
[EventType "team-tourn"]
[EventRounds "9"]
[EventCountry "CRO"]
[SourceTitle "CBM 111 Extra"]
[Source "ChessBase"]
[SourceDate "2006.05.09"]
[SourceVersion "1"]
[SourceVersionDate "2006.05.09"]
[SourceQuality "1"]

1. e4 e5 2. Nf3 Nc6 3. d4 exd4 4. Nxd4 Bc5 5. Be3 Qf6 6. c3 Nge7 7. Nc2 Bxe3 8. Nxe3 Qg6 9. Nd2 d6 10. Bc4 0-0 11. 0-0 Kh8 12. Re1 f5 13. Qf3 f4 14. Nd5 Ne5 15. Qd1 Nxd5 16. Bxd5 Bh3 17. g3 fxg3 18. hxg3 Bg4 19. f3 Bxf3 20. Nxf3 Qxg3+ 21. Kh1 Nxf3 22. Re2 Qh3+ 0-1

[Event "CRO Cup 14th"]
[Site "Sibenik"]
[Date "2005.06.02"]
[Round "5"]
[White "Gracin, Damir"]
[Black "Bosiocic, Marko"]
[Result "1-0"]
[WhiteElo "2212"]
[BlackElo "2118"]
[PlyCount "77"]
[EventDate "2005.05.30"]
[EventType "team"]
[EventRounds "7"]
[EventCountry "CRO"]
[SourceTitle "CBM 106 Extra"]
[Source "ChessBase"]
[SourceDate "2005.07.01"]
[SourceVersion "1"]
[SourceVersionDate "2005.07.01"]
[SourceQuality "1"]

1. d4 d5 2. c4 e6 3. Nf3 Be7 4. Nc3 Nf6 5. cxd5 exd5 6. Bg5 Nbd7 7. Qc2 c6 8. e3 0-0 9. Bd3 Re8 10. h3 Nf8 11. Ne5 Ne4 12. Nxe4 Bxg5 13. Ng3 Qa5+ 14. Qc3 Qxc3+ 15. bxc3 g6 16. h4 Bf6 17. Nf3 c5 18. h5 Bg4 19. hxg6 hxg6 20. 0-0 c4 21. Bc2 b5 22. a4 a6 23. Rfb1 Bd7 24. e4 dxe4 25. Nxe4 Bg7 26. Nfd2 Ne6 27. Nd6 Reb8 28. Be4 Bf8 29. Bxa8 Bxd6 30. axb5 Bxb5 31. Bd5 Rc8 32. Bb7 Rd8 33. Bxa6 Bxa6 34. Rxa6 Nf4 35. Nxc4 Ne2+ 36. Kf1 Nxc3 37. Rb3 Ne4 38. Re3 f5 39. Rxe4 1-0

[Event "CRO Cup 14th"]
[Site "Sibenik"]
[Date "2005.05.30"]
[Round "1"]
[White "Bosiocic, Marko"]
[Black "Saric, Ibro"]
[Result "0-1"]
[WhiteElo "2118"]
[BlackElo "2456"]
[PlyCount "40"]
[EventDate "2005.05.30"]
[EventType "team"]
[EventRounds "7"]
[EventCountry "CRO"]
[SourceTitle "CBM 106 Extra"]
[Source "ChessBase"]
[SourceDate "2005.07.01"]
[SourceVersion "1"]
[SourceVersionDate "2005.07.01"]
[SourceQuality "1"]

1. d4 d5 2. Nf3 Nf6 3. e3 g6 4. Be2 Bg7 5. 0-0 0-0 6. b3 c5 7. Bb2 cxd4 8. exd4 Nc6 9. c4 Bg4 10. c5 Ne4 11. Nc3 Bxf3 12. Bxf3 Bxd4 13. Bxe4 dxe4 14. Qe2 Bxc5 15. Nxe4 Bd4 16. Rad1 Qb6 17. Bxd4 Nxd4 18. Qe3 Rfd8 19. Nc3 Qb4 20. h3 Qxc3 0-1